| 000 | 00494nam a2200157Ia 4500 | ||
|---|---|---|---|
| 008 | 210716s2013 xx 000 0 und d | ||
| 020 | _a9788177583267 | ||
| 041 | _aeng | ||
| 082 | _a004.607 BURJ | ||
| 100 | _aBurdman, Jessica. | ||
| 245 |
_aCollaborative web development: strategies and best practices for web teams. _bStrategies and best practices for web teams. |
||
| 250 | _a1 | ||
| 260 |
_aNew Delhi _bPearson Education _c2013 |
||
| 300 | _axv,251 | ||
| 650 | _aWeb Design & Development | ||
| 999 |
_c196343 _d196343 |
||